Monsters from The Witcher - Statistics

General Stats
  • This quiz has been taken 6 times
  • The average score is 6 of 13
Answer Stats
Hint Answer % Correct
Air spirit often found trapped in a bottle djinn
80%
Can take the form of any person or creature it encounters doppler
80%
Insectoid monster which can often be found in a swamp kikimore
80%
Frequently mistaken for a dragon wyvern
80%
Type of vampire which can take the form of a bat or a human bruxa
60%
Intelligent member of the draconid family dragon
60%
Corpse-eating monsters which hunt at night and will also attack the living ghoul
40%
Forest-dwelling monster leshy
40%
Shapeshifter vulnerable to silver werewolf
40%
A woman transformed into a monster due to a curse striga
20%
"Devil" with goat-like features sylvan
20%
Tentacled monster usually found in sewers zeugl
20%
A cross between a bird and a reptile, this draconid has poisonous breath basilisk
0%
No matching quizzes found
Score Distribution
Percent of People with Each Score
Percentile by Number Answered
Your Score History
You have not taken this quiz